Click the U.S. State by Hint - Statistics

General Stats
  • This quiz has been taken 48 times
  • The average score is 32 of 50
Answers on the Map
Answers color-coded by a green-red scale on the quiz's map according to % correct below.
 
Answer Stats
Answer % Correct
Home to the most known "Sin City"
92%
Home to Grand Canyon
89%
Most populated
89%
The Everglades are found here
89%
Has an "Upper Peninsula"
83%
The Gateway Arch is found here
83%
Yale University is based here
83%
Yee-haw partner! Second largest and most populated
83%
You can meet a "cheesehead" here
83%
Its largest city is called Omaha
81%
Land of 10,000 Lakes
81%
Largest producer of potatoes
81%
Augusta is its capital
78%
Home to Mount Rushmore
78%
Located in the Pacific Moana
78%
Home to Amazon and JetPunk Headquarters
75%
Home to Martha's Vineyard
75%
Nicknamed "First State"
75%
The Church of Latter-Day Saints is headquartered here
75%
An Asian country has the same name
72%
It's capital is its name +polis
72%
"Mountain" in Spanish
72%
ABQ is its largest city
69%
Where you can find the Hershey Factory
69%
Home to Graceland
67%
Rosa Parks is arrested here
67%
State mentioned in "Country Roads"
67%
Home to the "Mile-High City"
64%
Its capital is named after a German Chancellor
64%
Ben & Jerry's Ice Cream was found here
61%
Edgar Allan Poe's death place
61%
Home to Rutgers University and Thomas Edison's death place
61%
Lake Pontchartrain, an estuary, is found here
61%
Least populated
61%
Oh, it's home to the Three C's
61%
Crater Lake is an attraction here
58%
Has the most populated island in the U.S.
58%
The first permanent English settlement is located here
58%
Davenport and Cedar Rapids are some cities here
56%
Home to Research Triangle
56%
Location of Native Americans during the Trail of Tears
56%
Abraham Lincoln's birthplace
50%
Largest diamond producer
47%
Mount Washington is found here
42%
Vicksburg is located here
33%
The Twinkie was invented here
28%
Home to Lake Moultrie
25%
Made up of boroughs and census areas
22%
It's capital was briefly named "Google" in 2010
17%
The first Baptist Church of the U.S. is located here
11%
No matching quizzes found
Score Distribution
Percent of People with Each Score
Percentile by Number Answered
Your Score History
You have not taken this quiz